000 00246nam a2200097Ia 4500
001 1251691
005 20251031150920.0
008 251031s9999 xx 000 0 und d
245 0 _cJEFFREY ROWE
_aŞ-1 DİBBER İLE MABEL
260 _bBETA YAYINLARI
999 _c1251691
_d1251691